000 00237nam a22000977a 4500
999 _c522082
_d522082
082 _aTNC
100 _aSukhabodhananda, Swami
_936748
245 _aLooking At Life Differently
260 _aBangalore
_bPrasanna Trust
_c2003
300 _a230p.